000 00316nam a22001217a 4500
020 _a0-07-084483-6
082 _a621.38173 HAM'H
100 _aHAMILTON, T.D.S
_975386
245 _aHANDBOOK OF LINEAR INTGRATED ELECTRONICS FOR RESEARCH
260 _aLONDON
_bMCGRAW HILL
_c1977
300 _aXVIII,469P
942 _cBK
999 _c580811
_d580811